Statistics for Fortnite Map Quiz Chapter 2 Season 5

Click here to take the quiz!

General Stats

  • This quiz has been taken 210 times
  • The average score is 8 of 17

Answer Stats

POI% Correct
Pleasant Park
63%
Salty Towers
62%
Retail Row
60%
Misty Meadows
52%
Lazy Lake
50%
Slurpy Swamp
50%
Steamy Stacks
50%
Holly Hedges
46%
Sweaty Sands
46%
Dirty Docks
44%
Coral Castle
41%
Weeping Woods
41%
Craggy Cliffs
39%
Catty Corner
37%
Stealthy Stronghold
27%
Hunter's Haven
26%
Colossal Coliseum
20%

Score Distribution

Percentile by Number Answered

Percent of People with Each Score

Your Score History

You have not taken this quiz